Del gobierno y jurisprudencia constitucional de los Estados Unidos
Kaydedildi:
| Yazar: | |
|---|---|
| Materyal Türü: | Kitap |
| Dil: | İspanyolca |
| Baskı/Yayın Bilgisi: |
Buenos Aires
Buenos Aires
1865
|
| Konular: | |
| Etiketler: |
Etiketle
Etiket eklenmemiş, İlk siz ekleyin!
|
MARC
| LEADER | 00000nam a2200000 a 4500 | ||
|---|---|---|---|
| 001 | UCR4324 | ||
| 003 | CL-VaPUC | ||
| 008 | 980307e18650000AG |||||||||||||||||spa|d | ||
| 082 | 0 | 4 | |a 342.73 |b KEN |2 21 |
| 100 | 0 | |a Kent, James |e author |9 404229 | |
| 245 | 1 | 0 | |a Del gobierno y jurisprudencia constitucional de los Estados Unidos |
| 300 | |a 405 p | ||
| 942 | |c BK | ||
| 945 | |d 19980307 00:00:00 |a aolguin | ||
| 260 | |a Buenos Aires |b Buenos Aires |c 1865 | ||
| 650 | 0 | |a Derecho constitucional |9 222588 | |
| 650 | 0 | |a Jurisprudencia |9 255952 | |
| 650 | 0 | |a Historia |9 255047 | |
| 650 | 7 | |a COLONIA |2 CL-VaPUC |9 404230 | |
| 650 | 7 | |a CONGRESO |2 CL-VaPUC |9 316362 | |
| 650 | 0 | |a Atribuciones |9 391182 | |
| 650 | 7 | |a PRESIDENTE |2 CL-VaPUC |9 370857 | |
| 650 | 7 | |a DEPARTAMENTO JUDICIAL |2 CL-VaPUC |9 404231 | |
| 650 | 0 | |a Jurisdicción |9 255090 | |
| 650 | 7 | |a SUPREMA CORTE |2 CL-VaPUC |9 395811 | |
| 650 | 7 | |a CORTES FEDERALES |2 CL-VaPUC |9 404232 | |
| 650 | 0 | |a Gobierno |9 255508 | |
| 650 | 7 | |a RESTRICCIONES |2 CL-VaPUC |9 382373 | |
| 651 | 0 | |a Estados Unidos |9 255178 | |
| 583 | |a last modification |c 19980307 00:00:00 |k Rodrigo Vera | ||
| 999 | |c 267268 |d 267266 | ||
| 952 | |0 0 |1 0 |4 0 |6 342_730000000000000_KEN_1865 |7 0 |8 X |9 299532 |a BIBDER |b BIBDER |d 2019-11-20 |i 1952978 |o 342.73 KEN 1865 |p 1952978 |r 2023-01-25 |w 2019-11-20 |y BK_X |k DER | ||